Bloques de comercio y mercados comunes /
Enregistré dans:
| Auteur principal: | |
|---|---|
| Autres auteurs: | |
| Format: | Texte |
| Publié: |
México, D.F:
Fondo de Cultura Económica
|
| Tags: |
Ajouter un tag
Pas de tags, Soyez le premier à ajouter un tag!
|
MARC
| LEADER | 00000 a a2200000 04500 | ||
|---|---|---|---|
| 001 | 22724 | ||
| 003 | |||
| 040 | |||
| 090 | |a 156100 | ||
| 100 | |a Dell, Sidney | ||
| 245 | |a Bloques de comercio y mercados comunes / |c Sidney Dell | ||
| 260 | |a México, D.F: |b Fondo de Cultura Económica | ||
| 300 | |a 319 p | ||
| 700 | |a Reyes, Roberto |a trad | ||
| 999 | |c 5096 |d 5096 | ||
